Gar- Vocabulary - Statistics

General Stats
  • This quiz has been taken 33 times
  • The average score is 12 of 20
Answer Stats
Hint Answer % Correct
A building meant for keeping vehicles and tools. Garage
100%
This is what you throw into a trash bin. Garbage
100%
A plot of land used for growing vegetables or flowers. Garden
92%
A cooking ingredient related to onions that has a strong smell. Garlic
92%
A particular orange cat who loves lasagnas, and hates Mondays. Garfield
85%
We use water this way to clean our throats. Gargle
81%
A creature portrayed in Gothic architecture, such as being on the towers of the Notre Dame. Gargoyle
77%
An article of clothing. Garment
73%
A precious mineral with a deep red color. Garnet
73%
Enormous in size. Gargantuan
65%
The French word for "boy". Garçon
58%
To be excessively bright and showy. Garish
54%
A certain legume that is used to make hummus. Garbanzo
46%
The study of waste, its origins, and what people do with it. Garbology
38%
To collect or accumulate something. Garner
31%
A small, habitable living space at the top of a house. Garret
31%
Elongated fish with sharp teeth and beak-like jaws. Garfish
23%
A Jamaican-born proponent of black nationalism in the United States during the 1920s. Garvey
23%
Another term for the other hint colored in dark green. Garpike
4%
To force a person to do something. Garring
4%
No matching quizzes found
Score Distribution
Percent of People with Each Score
Percentile by Number Answered
Your Score History
You have not taken this quiz